Statistics for 'tis the damn season - Taylor Swift Lyrics

Click here to take the quiz!

General Stats

  • This quiz has been taken 1,166 times
  • The average score is 360 of 408

Answer Stats

Answer% Correct
I
100%
the
100%
The
100%
you
99%
You
99%
an
98%
damn
98%
go
98%
It
98%
it
98%
season
98%
'Tis
98%
To
98%
to
98%
We
98%
we
98%
And
97%
and
97%
me
97%
my
97%
I'm
96%
Now
96%
now
96%
this
96%
at
95%
for
95%
house
95%
real
95%
stay
95%
good
94%
parents'
94%
call
93%
in
93%
looks
93%
road
93%
staying
93%
weekend
93%
who
93%
could
92%
If
92%
if
92%
Write
92%
write
92%
as
91%
babe
91%
be
91%
even
91%
Even
91%
know
91%
not
91%
So
91%
so
91%
down
90%
on
90%
when
90%
your
89%
can
88%
hometown
88%
taken
88%
with
88%
always
87%
Hear
87%
Time
87%
were
87%
ask
86%
leads
86%
it's
84%
It's
84%
out
84%
wanted
84%
ever
83%
I'll
83%
just
83%
was
83%
asked
82%
that
82%
hanging
81%
would've
81%
back
80%
but
80%
But
80%
LA
80%
leave
80%
only
80%
right
80%
about
79%
friends
79%
gone
79%
is
79%
of
79%
smile
79%
flies
78%
all
77%
books
77%
make
77%
same
76%
used
76%
ours
75%
there
75%
while
75%
around
74%
car
74%
I've
74%
school
74%
by
73%
don't
73%
kind
72%
known
72%
missing
72%
own
72%
parked
72%
bed
71%
between
71%
breaking
71%
faking
71%
heart
71%
Methodist
71%
okay
71%
so-called
71%
ache
70%
like
70%
tell
70%
truck
70%
warmest
70%
yours
70%
which
69%
won't
69%
bad
68%
cold
68%
mud
68%
smiles
68%
though
68%
tires
68%
day
67%
half
66%
leaving
66%
messy
66%
Messy
66%
old
66%
perfume
66%
ride
66%
Sleep
66%
There's
66%
far
65%
times'
65%
sake
64%
soul
64%
too
64%
watched
64%
wonder
64%
felt
63%
holidays
63%
passed
63%
put
63%
up
63%
how
62%
linger
62%
wait
62%
run
61%
who'll
61%
glass
59%
Remember
59%
windshield
58%
escaped
57%
fogs
55%

Score Distribution

Percentile by Number Answered

Percent of People with Each Score

Your Score History

You have not taken this quiz